Hotels with empty rooms.

Uloženo v:
Podrobná bibliografie
Hlavní autor: Gilbert, Harriett, 1948-
Médium: Kniha
Vydáno: London : Hodder and Stoughton, 1973.
LEADER 00689nam a2200193 a 4500
001 c000102990
003 CARM
005 19841101000000.0
008 851119s1973 enk 0 d
019 1 |a 4094424  |z 318835  |5 LACONCORD2021 
035 |a (OCoLC)779722  |5 LACONCORD2021 
040 |a XNLS  |b eng  |c XNLS 
100 1 |a Gilbert, Harriett,  |d 1948- 
245 1 0 |a Hotels with empty rooms. 
260 |a London :  |b Hodder and Stoughton,  |c 1973. 
300 |a 142p. 
852 8 |b CARM  |h A2:AJ26G0  |i A02457  |p 0159261  |f BK 
999 f f |i 80e0997b-f4d2-547f-bbdf-50628658cb8e  |s c128be17-0b90-573b-b5bf-86836387aa3f 
952 f f |p Can circulate  |a CAVAL  |b CAVAL  |c CAVAL  |d CARM 1 Store  |e A02457  |f A2:AJ26G0  |h Other scheme  |i book  |m 0159261